00558nam a2200181 4500020001800000082002100018100002100039245006100060260003100121300001000152650001800162650002300180650001500203700002100218942000700239999001900246952011100265 a9781786584328 a823(FTr.)bSAT/M aSatishi Yagisawa aMore days at the Morisaki bookshop/cby Satishi Yagisawa aUK:bManilla press,c2024. a167p. aNovel English aLiterature English aLiterature aEric Ozawa (tr.) cBK c181441d181441 00104070aSSUSbSSUScSTACKSd2026-05-11g399.00l0o823(FTr.) SAT/Mp107923r2026-05-11w2026-05-11yBK